000 00438nam a22001577a 4500
003 SISC
005 20160712095349.0
008 160712b xxu||||| |||| 00| 0 eng d
020 _a9781849342292
050 _aPE 1112 .K59 2012
245 _aWritten english /
_cBetty Kirkpatrick.
260 _aManila :
_bWS Pacific Publications,
_c2012.
300 _a192 p. :
_c18 cm.
654 _aEnglish language--Grammar.
942 _2lcc
_cBK
999 _c296251
_d296251